Sociedad M: mayor competitividad a través del trabajo en equipo
Uloženo v:
| Hlavní autor: | |
|---|---|
| Médium: | Kniha |
| Jazyk: | španělština |
| Vydáno: |
Ciudad de México
Fondo Educativo Interamericano
1986
|
| Témata: | |
| Tagy: |
Přidat tag
Žádné tagy, Buďte první, kdo vytvoří štítek k tomuto záznamu!
|
MARC
| LEADER | 00000nam a2200000 a 4500 | ||
|---|---|---|---|
| 001 | UCV6139 | ||
| 003 | CL-VaPUC | ||
| 008 | 881220e19860000MX |||||||||||||||||spa|d | ||
| 082 | 0 | 4 | |a 338.09 |b OUC |2 21 |
| 100 | |a Ouchi, William |e autor |9 588862 | ||
| 245 | 1 | 0 | |a Sociedad M: mayor competitividad a través del trabajo en equipo |
| 300 | |a 299 p | ||
| 942 | |c BK | ||
| 945 | |d 19881220 00:00:00 | ||
| 260 | |a Ciudad de México |b Fondo Educativo Interamericano |c 1986 | ||
| 650 | 7 | |a INDUSTRIA Y ESTADO |2 CL-VaPUC |9 258143 | |
| 650 | 7 | |a GRUPOS DE TRABAJO |2 CL-VaPUC |9 263151 | |
| 651 | 0 | |a Estados Unidos |9 255178 | |
| 651 | 0 | |a Japón |9 260391 | |
| 583 | |a last modification |c 19881220 00:00:00 |k Rodrigo Vera | ||
| 999 | |c 212370 |d 212368 | ||
| 952 | |0 0 |1 0 |4 0 |6 338_090000000000000_OUC_1986 |7 0 |8 A |9 193259 |a BIBING |b BIBING |d 2019-11-14 |i 2609320 |o 338.09 OUC 1986 |p 2609320 |r 2025-01-20 |w 2019-11-14 |y BK |k EIE | ||
| 952 | |0 0 |1 0 |4 0 |6 338_090000000000000_OUC_1986 |7 0 |8 A |9 193260 |a BIBENE |b BIBENE |d 2019-11-14 |i 3371514 |o 338.09 OUC 1986 |p 3371514 |r 2025-01-15 |w 2019-11-14 |y BK |k ICO | ||